| 000 | 01416pam a2200325 a 4500 | ||
|---|---|---|---|
| 999 |
_c330159 _d330159 |
||
| 001 | 15527959 | ||
| 003 | NUST | ||
| 005 | 20170612111615.0 | ||
| 008 | 081119s2008 enka b 001 0 eng | ||
| 010 | _a 2008279140 | ||
| 020 | _a9780632054596 (pbk.) | ||
| 040 |
_aDLC _cDLC _dDLC |
||
| 050 | 0 | 0 |
_aQD453.2 _b.L45 2008 |
| 082 | 0 | 0 |
_a546 LEE _222 |
| 100 | 1 |
_aLee, J. D. _q(John David), _d1931- _91240 |
|
| 245 | 1 | 0 |
_aConcise inorganic chemistry / _cJ.D. Lee. |
| 250 | _a5th ed. | ||
| 260 |
_aOxford ; _aMalden, MA : _bBlackwell Science, _c2008. |
||
| 300 |
_axxxv, 1032 p. : _bill. ; _c25 cm. |
||
| 500 | _aP.B | ||
| 504 | _aIncludes bibliographical references and index. | ||
| 650 | 0 |
_aChemistry, Physical and theoretical. _91241 |
|
| 650 | 0 |
_aChemical bonds. _91242 |
|
| 906 |
_a7 _bcbc _corigcop _d3 _encip _f20 _gy-gencatlg |
||
| 942 |
_2ddc _cBK _k546 LEE |
||